LEADER 01618nam a2200253 i 4500 001 000000191176 003 CaOOAMICUS 005 20151012000000.0 008 151012s2005 it u000 u ita u 013 $a169671 020 $a88-240-2308-8 040 $aSeMil$bita 245 10$aFunzione educativa e sociale degli oratori nelle comunitą locali :$bcommento alla legge Volontč "Disposizioni per il riconoscimento della funzione sociale svolta dagli oratori e dagli enti che svolgono attivitą similari per la valorizzazione del loro ruolo" Legge 1° agosto 2003, n. 206 /$ca cura di Rino Gracili. 260 $aRoma :$bIstituto Poligrafico e Zecca dello Stato,$cstampa 2005. 300 $a216 p. ;$c24 cm. 650 4$aOratorio .$0(OLS)http://semarc/subject/6250 650 4$aOratorio - Storia.$0(OLS)http://semarc/subject/5775 700 1 $aGracili, Rino.$0(OLS)http://semarc/name/69862 850 $aSeMil 852 $aSeMil$W1$xVenegono$y1$m2H IV 74$j141790$B141790$CSeMilBibl$Z2$F153361 $81 961 $aOmaggio: Martinelli don Romano 996 $6020$a88-240-2308-8$9(OLS)http://semarc/number/182219 996 $6245$aFunzione educativa e sociale degli oratori nelle comunitą locali :$bcommento alla legge Volontč "Disposizioni per il riconoscimento della funzione sociale svolta dagli oratori e dagli enti che svolgono attivitą similari per la valorizzazione del loro ruolo" Legge 1° agosto 2003, n. 206$9(OLS)http://semarc/title/275481 996 $6260$aRoma :$bIstituto Poligrafico e Zecca dello Stato$9(OLS)http://semarc/publisher/30501 LEADER 01132nam a2200253 i 4500 001 000000232247 003 CaOOAMICUS 005 20250819084840.0 008 140822s1963 ne u000 u eng u 013 $a211150 040 $aSeMil$bita 110 2 $aInternational Organization for the Study of Old Testament.$0(OLS)http://semarc/name/2406 245 10$aCongress volume, Bonn 1962. 260 $aLeiden :$bE. J. Brill,$c1963. 300 $a341 p., [1] carta di tav. ;$c25 cm. 490 0 $aSupplements to Vetus Testamentum ;$vVolume9. 650 4$aBibbia. Antico Testamento - Commentari, studi, critica, interpretazioni.$0(OLS)http://semarc/subject/2 650 4$aBibbia. Antico Testamento - Atti di congressi.$0(OLS)http://semarc/subject/37751 830 0$aSupplements to Vetus Testamentum ;$v9.$0(OLS)http://semarc/title/41355 850 $aSeMil 852 $aSeMil$W1$xVenegono$y1$m2YA Q 9$j260682$B182593$CSeMilBibl$Z2$F193615 $81 996 $6245$aCongress volume, Bonn 1962$9(OLS)http://semarc/title/331414 996 $6260$aLeiden :$bE. J. Brill$9(OLS)http://semarc/publisher/30490